000 00294nam a22001217a 4500
008 230620b xxu||||| |||| 00| 0 eng d
082 _a324.67
_bECK
100 _cECK
245 _aVoter Education
_bCurriculum Methodologies 1999
260 _aKenya
_bECK
_c1999
300 _a23p
942 _2ddc
_cBK
999 _c1814
_d1814